|
|
|
|
| LEADER |
00000nas1a2200000 4500 |
| 001 |
400051 |
| 005 |
20231101065330.0 |
| 035 |
|
|
|a (RuTPU)RU\TPU\prd\42008
|
| 090 |
|
|
|a 400051
|
| 100 |
|
|
|a 20060317a20069999km y0rusy50 ca
|
| 101 |
0 |
|
|a rus
|
| 102 |
|
|
|a RU
|
| 110 |
|
|
|a agaz|||0uu0
|
| 200 |
1 |
|
|a Маркшейдерия и недропользование
|e научно-технический и производственный журнал
|
| 210 |
|
|
|a Москва
|c "Геомар недра"
|d 2006-2012
|
| 300 |
|
|
|a С 2013 г. журнал представлен в электронном виде
|
| 469 |
|
|
|0 (RuTPU)RU\TPU\subscr\2775
|
| 610 |
1 |
|
|a горное дело
|
| 610 |
1 |
|
|a маркшейдерское дело
|
| 610 |
1 |
|
|a недропользование
|
| 610 |
1 |
|
|a минеральное сырье
|
| 610 |
1 |
|
|a минерально-сырьевые ресурсы
|
| 610 |
1 |
|
|a использование
|
| 610 |
1 |
|
|a добыча
|
| 610 |
1 |
|
|a обогащение
|
| 801 |
|
1 |
|a RU
|b 63413507
|c 20060317
|g PSBO
|
| 801 |
|
2 |
|a RU
|b 63413507
|c 20180116
|g RCR
|
| 856 |
4 |
|
|u http://www.geomar.ru
|
| 856 |
4 |
|
|u https://elibrary.ru/title_about.asp?id=8820
|
| 942 |
|
|
|c CR
|
| 969 |
|
|
|0 001RU\TPU\subscr\2775
|